000 01108 a2200169 4500
003 OSt
005 20251128152220.0
008 251128b |||||||| |||| 00| 0 eng d
020 _a9781473672871
100 _aCarlson R.
_9215534
245 _aDon't Sweat Small Stuff
250 _a1st ED.
260 _bYellow Kite
_c2017
_alondon
300 _a202pp.
520 _aSo many of us would like to live our lives in a calmer and less stressful way, and be able to let go of our problems. This is the book that can show you how to stop letting the little things in life drive you crazy. Dr Richard Carlson teaches us, in his gentle and encouraging style, simple strategies for living a more fulfilled and peaceful life.We can all learn to put things in perspective, and by making the small daily changes he suggests, including surrendering to the fact that sometimes life isn't fair, and asking yourself, 'Will this matter a year from now?', Dr Richard can help everyone to see the bigger picture. Repackaged to inspire and guide a new generation, this is a Mind, Body and Spirit classic.
942 _cBK
_2ddc
999 _c369165
_d369165